Community/public health nursing : promoting the health of populations / Mary A. Nies, PhD, RN, FAAN, FAAHB, Melanie McEwen, PhD, RN, CNE, ANEF, FAAN. (Record no. 20325)

000 -LEADER
fixed length control field 01433cam a22002057i 4500
020 ## - INTERNATIONAL STANDARD BOOK NUMBER
ISBN 9780323795319 (paperback)
082 14 - DEWEY DECIMAL CLASSIFICATION NUMBER
Classification number 610.7343
Item number N676 2024
100 ## - MAIN ENTRY--AUTHOR NAME
Personal name Nies, Mary A., author.
245 00 - TITLE STATEMENT
Title Community/public health nursing : promoting the health of populations / Mary A. Nies, PhD, RN, FAAN, FAAHB, Melanie McEwen, PhD, RN, CNE, ANEF, FAAN.
250 ## - EDITION STATEMENT
Edition statement Eighth edition.
260 ## - PUBLICATION, DISTRIBUTION, ETC. (IMPRINT)
Place of publication St. Louis, MO :
Name of publisher Elsevier,
Year of publication ©2024.
300 ## - PHYSICAL DESCRIPTION
Number of Pages xv, 780 pages :
Other physical details illustrations (chiefly color) ; 27 cm.
500 ## - GENERAL NOTE
General note Includes bibliographical references and index.
520 ## - SUMMARY, ETC.
Summary, etc Master the knowledge and skills you need to succeed in community health nursing! Community/Public Health Nursing, 8th Edition discusses the nurse's role in population health promotion with a unique upstream preventive focus and a strong social justice approach, all in a concise, easy-to-read text. It shows how nurses can take an active role in social action and health policy -- especially in caring for diverse and vulnerable population groups. This edition integrates the NCSBN Clinical Judgment Measurement Model to help you prepare for the Next Generation NCLEX®. Clinical examples and photo novellas show how nursing concepts apply to the real world.--Amazon.com viewed Sept. 1, 2023.
650 #0 - SUBJECT ADDED ENTRY--TOPICAL TERM
Topical Term Community health nursing.
650 #0 - SUBJECT ADDED ENTRY--TOPICAL TERM
Topical Term Health promotion.
650 #0 - SUBJECT ADDED ENTRY--TOPICAL TERM
Topical Term Public health nursing.
700 1# - ADDED ENTRY--PERSONAL NAME
Personal name McEwen, Melanie.
942 ## - ADDED ENTRY ELEMENTS (KOHA)
Koha item type Books
Holdings
Source of acquisition Permanent Location Date acquired Koha item type Collection code Accession Number Lost status Shelving location Withdrawn status Current Location Full call number
SchoolCagayan State University - Carig Library2025-04-04BooksNursingN000216 Nursing Library Cagayan State University - Carig Library610.7343 N676 2024
SchoolCagayan State University - Carig Library2025-04-04BooksNursingN000217 Nursing Library Cagayan State University - Carig Library610.7343 N676 2024
SchoolCagayan State University - Carig Library2025-04-04BooksNursingN000218 Nursing Library Cagayan State University - Carig Library610.7343 N676 2024
SchoolCagayan State University - Carig Library2025-04-04BooksNursingN000219 Nursing Library Cagayan State University - Carig Library610.7343 N676 2024
SchoolCagayan State University - Carig Library2025-04-04BooksNursingN000220 Nursing Library Cagayan State University - Carig Library610.7343 N676 2024

Cagayan State University University Library, Carig Campus
Tuguegarao City, Cagayan 3500 | www.csucarig.edu.ph

Powered by Koha